Normal view
MARC view
- Nauman Khalid
Entry Personal Name
001 - CONTROL NUMBER
- control field: 98530
003 - CONTROL NUMBER IDENTIFIER
- control field: NUST
005 - DATE AND TIME OF LATEST TRANSACTION
- control field: 20220826091521.0
008 - FIXED-LENGTH DATA ELEMENTS
- fixed length control field: 220826|| aca||aabn | a|a d
040 ## - CATALOGING SOURCE
- Original cataloging agency: NUST
- Transcribing agency: NUST
100 ## - HEADING--PERSONAL NAME
- Personal name: Nauman Khalid
670 ## - SOURCE DATA FOUND
- Source citation: Work cat.: (NUST)13425: Nauman Khalid, A multi-agent persistency framework using cloud-based agent mirroring, 2015
